Biologia para o ensino médio (Record no. 187886)

MARC details
000 -LÍDER
campo de controle de tamanho fixo 00346 a2200157 4500
001 - NÚMERO DE CONTROLE
campo de controle 187886
020 ## - ISBN - INTERNATIONAL STANDARD BOOK NUMBER
ISBN - International Standard Book Number 85-342-2062-X
040 ## - FONTE DA CATALOGAÇÃO
Instituição que transcreveu o registro Magnum
100 ## - ENTRADA PRINCIPAL--NOME PESSOAL
Nome pessoal Lago, Samuel Ramos
240 10 - TÍTULO UNIFORME
Título uniforme Biologia para o ensino médio
Idioma da obra por
245 10 - TÍTULO
Título Biologia para o ensino médio
300 ## - DESCRIÇÃO FÍSICA
Extensão 344
362 0# - DATAS DE PUBLICAÇÃO E/OU DESIGNAÇÃO SEQUENCIAL
Datas de publicação e/ou designação sequencial 2006
697 ## - ENTRADA DE ASSUNTO LOCAL--ENTIDADE COLETIVA (RLIN)
Nome corporativo ou nome da jurisdição BIOLOGIA
942 ## - ELEMENTOS DE ENTRADA ADICIONADOS (KOHA)
Tipo de material Koha Livros
Holdings
Situação do descarte Situação das perdas Situação física Não pode ser emprestado Biblioteca de origem Biblioteca atual Data de aquisição Total de empréstimos Número de chamada completo Código de barras Data de último acesso Data do preço efetivo Tipo de material Koha
        Magnum Magnum 08/06/2024   3.73 MAG00059602 08/06/2024 08/06/2024 Livros
        Magnum Magnum 08/06/2024   3.73 MAG00059603 08/06/2024 08/06/2024 Livros
        Magnum Magnum 08/06/2024   3.73 MAG00059604 08/06/2024 08/06/2024 Livros
        Magnum Magnum 08/06/2024   3.73 MAG00059605 08/06/2024 08/06/2024 Livros